000 005290000a22001810004500
003 MACL
005 20160225162645.0
008 160225b xxu||||| |||| 00| 0 eng d
040 _aMACL
_cMACL
041 _aHindi
082 _a800
100 _aभगवतशरण उपाध्‍याय
_940353
245 _aहमारे हिन्‍दी कवि
260 _bहंस प्रकाशन
_c1958
_aइलाहाबाद
350 _a0.75
650 _aLiteracture
_939932
942 _cHIN
_k800
_2ddc
999 _c24802
_d24802